Memoria redactada por el Ingeniero Jefe de Obras Públicas de la isla de Puerto-Rico, Don Leonardo de Tejada, sobre la conveniencia y posibilidad económica de construir un ferro-carril que, partiendo de la capital ... la contornee en toda su extension, volviendo al punto de partida. (Record no. 166106)

MARC details
000 -LEADER
campo de control de longitud fija 00890nam a2200193 i 4500
001 - NÚMERO DE CONTROL
campo de control 166106
003 - IDENTIFICADOR DE NÚMERO DE CONTROL
campo de control ES-MaACL
005 - FECHA Y HORA DE LA ÚLTIMA TRANSACCIÓN
campo de control 20230906213251.0
008 - DATOS DE LONGITUD FIJA--INFORMACIÓN GENERAL
campo de control de longitud fija 981030q1877 pr |||| | spa d
100 1# - ENTRADA PRINCIPAL--NOMBRE DE PERSONA
Nombre de persona Tejada, Leonardo de.
9 (RLIN) 133164
245 10 - MENCIÓN DEL TÍTULO
Título Memoria redactada por el Ingeniero Jefe de Obras Públicas de la isla de Puerto-Rico, Don Leonardo de Tejada, sobre la conveniencia y posibilidad económica de construir un ferro-carril que, partiendo de la capital ... la contornee en toda su extension, volviendo al punto de partida.
260 ## - PUBLICACIÓN, DISTRIBUCIÓN, ETC.
Lugar de publicación, distribución, etc. [Puerto Rico :
Nombre del editor, distribuidor, etc. s.n.,
Fecha de publicación, distribución, etc. 1877]
300 ## - DESCRIPCIÓN FÍSICA
Extensión 31 p. ;
Dimensiones 31 cm.
594 ## - Nota al título y mención de responsabilidad
Nota al título y mención de responsabilidad Tít. tomado del encabezamiento del texto.
596 ## - NOTA AL PIE DE IMPRENTA
NOTA AL PIE DE IMPRENTA Texto fechado en Puerto Rico, 15 de mayo de 1876.
650 #4 - PUNTO DE ACCESO ADICIONAL DE MATERIA--TÉRMINO DE MATERIA
Término de materia o nombre geográfico como elemento de entrada Ferrocarriles-
Subdivisión geográfica Puerto Rico.
9 (RLIN) 168372
752 ## - ENTRADA AGREGADA--NOMBRE JERÁRQUICO DEL LUGAR
País o entidad superior Puerto Rico
852 ## - LOCALIZACIÓN
Ubicación ES-MaACL
Número de control de estantería T-326-F-4
Nota libre - Enc. hol.
-- - Enc. en un vol. facticio
Holdings
Estatus retirado Estado de pérdida Estado de daño No para préstamo Colección Biblioteca de origen Biblioteca actual Ubicación en estantería Fecha de adquisición Total de préstamos Signatura topográfica completa Código de barras Visto por última vez Precio de reemplazo Tipo de ítem Koha
        Colección de folletos Biblioteca del Ateneo de Madrid Biblioteca del Ateneo de Madrid Depósito folletos 17/01/2008   T-326-F-4 1174202 23/02/2023 23/02/2023 Folleto